| 000 | 00372 a2200109 4500 | ||
|---|---|---|---|
| 001 | ART_16128 | ||
| 005 | 20260410161625.0 | ||
| 008 | 260409a | ||
| 245 | 1 | 0 | _aResolución UIF 30/2013 e intercambio de información sobre lavado de dinero que circula en la Argentina |
| 100 | 1 | _aRodríguez, Raquel E. | |
| 773 | 0 |
_tEnfoques _g- Nº 4 (abr. 2013) _wREV416 |
|
| 999 |
_c11889 _d11889 |
||